Degree of approximation by polynomials in the complex domain /
Guardado en:
| Autor Principal: | |
|---|---|
| Formato: | Libro |
| Idioma: | English |
| Publicado: |
Princeton :
Princeton University Press,
1942
|
| Series: | Annals of mathematics studies ;
no. 9. |
| Materias: | |
| Etiquetas: |
Agregar Etiqueta
Sin Etiquetas, Sea el primero en etiquetar este registro!
|
| LEADER | 00758nam a22002175a 4500 | ||
|---|---|---|---|
| 001 | MAT.inmabb002882 | ||
| 008 | 870715s1942####nju######b####000#0#eng## | ||
| 005 | 20160323163130.0 | ||
| 245 | 1 | 0 | |a Degree of approximation by polynomials in the complex domain / |c by W. E. Sewell. |
| 260 | |a Princeton : |b Princeton University Press, |c 1942 |e (New York : |f Kraus Reprint Corp., |g 1965) | ||
| 300 | |a ix, 236 p. ; |c 23 cm. | ||
| 440 | 0 | |a Annals of mathematics studies ; |v no. 9. | |
| 504 | |a Bibliografía: p. 226-236. | ||
| 510 | 4 | |a MR, |c 4,78c | |
| 100 | 1 | |a Sewell, W. E. |q (Walter Edwin) | |
| 650 | 0 | |a Approximation theory. | |
| 650 | 0 | |a Polynomials. | |
| 084 | |a 30B |2 msc2000 | ||
| 010 | |a 42050739 | ||
| 040 | |a DLC/ICU |c ICU |d DLC | ||
| 859 | |h 30 |i Se516 |p A-5472 |b BIB. MATEMATICA | ||
